000 00452nam a2200145Ia 4500
008 230917s9999||||xx |||||||||||||| ||und||
040 _e171765
_aMAIN
041 _aEnglish
082 _a891.437731 SG23S
100 _aशर्मा, गोपाल बाबू
245 0 _aश्रेष्ठ व्यंगय रचनाएँ
260 _aअलीगढ़
_bग्रन्थायन
_c1989
300 _a108 पृ. p.
942 _cHN
999 _c70056
_d70056